Mirrors, messages, manifestations.

Bibliographic Details
Main Author: White, Minor
Format: Book
Language:English
Published: [New York] : [Aperture], [1969]
Subjects:

MARC

Tag First Indicator Second Indicator Subfields
LEADER 00000cam a2200000 4500
001 in00000094691
005 20150927110527.0
008 700520s1969 nyua 00000 eng
010 |a  77099253  
035 |a (OCoLC)00074178 
035 |9 AAL6562AM 
037 |c 35.00 
040 |a DLC  |c DLC  |d TXA  |d UtOrBLW 
049 |a TXAM  |c [919465] 
050 0 0 |a TR647.W46  |b A2 1969 
082 0 |a 779.0924 
100 1 |a White, Minor. 
245 1 0 |a Mirrors, messages, manifestations. 
264 1 |a [New York] :  |b [Aperture],  |c [1969] 
264 4 |c [©1969] 
300 |a 242 pages (chiefly illustrations) ;  |c 32 cm. 
336 |a text  |b txt  |2 rdacontent 
337 |a unmediated  |b n  |2 rdamedia 
338 |a volume  |b nc  |2 rdacarrier 
500 |a "An Aperture monograph." 
500 |a "Comments by Beaumont Newhall, Meyer Schapiro, Peter Bunnell, Jonathan Williams, Barbara Morgan, Ansel Adams": [11] pages in pocket. 
650 0 |a Photography, Artistic. 
999 |a MARS 
999 f f |s 06bd2216-c9d8-3c41-9bfb-7c2468eff539  |i b0ffccb9-751d-3b02-aba6-82507cfcfb06  |t 0 
952 f f |p normal  |a Texas A&M University  |b College Station  |c Sterling C. Evans Library  |d Evans: Library Stacks  |t 0  |e TR647.W46 A2 1969  |h Library of Congress classification  |i unmediated -- volume  |m A14805628224 
998 f f |a TR647.W46 A2 1969  |t 0  |l Evans: Library Stacks